Milan, Naples, or Rome? - Statistics

General Stats
  • This quiz has been taken 59 times
  • The average score is 13 of 20
Answer Stats
Question Answer % Correct
Is the capital city of Italy Rome
98%
Where pizza originated from Naples
96%
Where you can find the Pantheon Rome
96%
Is one of the four major fashion capitals of the world Milan
95%
Is built next to Mount Vesuvius Naples
88%
The farthest south Naples
86%
Is the wealthiest Milan
84%
Situated on the Tiber River Rome
82%
Is geographically closest to Moscow Milan
79%
Was NOT one of the 10 most visited cities in the world in 2024 Naples
79%
Has hosted the Winter Olympics Milan
73%
Was never under controlled of the Holy Roman Empire Naples
57%
Is the largest city in Italy by Metro population Rome
52%
Has the most Michelin Stars per capita Milan
43%
Hosted the Italian Grand Prix in 1947 Milan
39%
With the higher Jewish population Rome
39%
Is the Sister City to Paris Rome
36%
Where Victor Frankenstein was born Naples
27%
Is a main agricultural hub of Italy Milan
13%
Is an UNESCO World Heritage city Naples
9%
No matching quizzes found
Score Distribution
Percent of People with Each Score
Percentile by Number Answered
Your Score History
You have not taken this quiz